Statistiques concernant La Guerre des Clans Cycle 2

Cliquez ici pour prendre le quiz!

Statistiques générales

  • Ce quiz a été pris 271 fois
  • Le résultat moyen est 23 sur 30

Statistiques - réponses

QuestionsRéponses% Correct
Chef du clan du tonnerre autrefois chat domestiqueEtoile de Feu
100%
Fille de Rivière d'Argent et élue du clan de la Rivière et de la TribuJolie Plume
99%
Compagne du 1er chatTempête de Sable
99%
Lieutenant et meilleur ami du chat ci-dessusPlume Grise
98%
Fille guerriere du 1er chatPoil d'Ecureuil
96%
Sœur du chat ci-dessus et guérisseuseFeuille de Lune
94%
Fils d'Etoile du Tigre et élu du clan du TonnerreGriffe de Ronce
94%
Blaireau en relation avec le clan des EtoilesMinuit
92%
Sœur du chat ci-dessus et guérisseuse du clan de la RivièrePapillon
91%
Sœur du chat ci-dessus, appartient au Clan de l'OmbrePelage d'Or
91%
Premier amour de la fille guérisseuse du 1er chatPlume de Jais
88%
Second chef du clan du VentEtoile Solitaire
87%
Demi-frère des deux chats ci-dessus, appartient au clan de la RivièrePlume de Faucon
85%
Frère de la chatte ci-dessus et fils de Plume GrisePelage d'Orage
84%
Groupe de chats vivant dans la montagneLa Tribu de l'Eau Vive
83%
Deuxième compagne d'Etoile du tigreSacha
79%
Reine du clan du Tonnerre venant du territoire des chevauxChipie
75%
Endroit permettant de communiquer avec le clan des EtoilesSource de Lune
75%
Compagne de Pelage de Poussière, reine du clan du TonnerreFleur de Bruyère
74%
Amoureux de Poil d'Ecureuil, matou gris pâlePelage de Granit
71%
Ancien lieutenant du Clan du Vent, mort en voulant devenir chefGriffe de Pierre
70%
Endroit contraire au clan des Etoiles regroupant des chats mauditsLa Forêt Sombre
69%
Compagne de Poil de Fougère et fille de Fleur de Saule et Tornade BlanchePoil de Châtaigne
68%
Compagne de Pelage d'OrageSource aux petits poissons
66%
Ancêtre de ce groupe de chatsLa Tribu de la Chasse Eternelle
57%
Lieutenant du Clan du Vent et mère d'un des élusPatte Cendrée
51%
Compagnon de la reine ci-dessusPacha
50%
2ème compagne du chat ci-dessusCâline
41%
Endroit où se regroupe les Clans lors de la Pleine LuneL'île
35%
Chef de ce groupe de chats dans la montagneConteur aux Pointes Rocheuses
31%

Distribution des résultats

Percentile par nombre de réponses

% des personnes avec chaque résultat

Votre développement - résultats

Vous n’avez pas pris ce quiz